000 00999nam a22002777a 4500
003 dpl
005 20180905142330.0
008 180905b xxu||||| |||| 00| 0 eng d
010 _aA-692238
020 _c65.00
035 _aA-692238, A-692246
037 _bCen Lib/Ret
040 _aDPL
_bHN
_c0
082 _a
_bपालीवा
100 _aपालीवाल, दिनेश
_951032
245 _aबिजूखा /
_cदिनेश पांडेय
246 _aBijukha /
_bby Dinesh Paliwal
260 _aदिल्ली
_bपल्लव प्रकाशन
_c1993
270 _bदिल्ली
_a मालीवाडा, नयी सड़क
_e110006
300 _a144पृ.
_c17सेमी (सजिल्द)
650 _aहिन्दी साहित्य
_951033
650 _aकहानियां
_951034
650 _aHindi literature
_951035
650 _aStories
_97500
942 _2ddc
_cHN
_h
_mपालीवा
999 _c113187
_d113187